|
|
|
|
| LEADER |
00000nam0a2200000 4500 |
| 001 |
29497 |
| 005 |
20231030203504.0 |
| 010 |
|
|
|a 5850443886
|
| 035 |
|
|
|a (RuTPU)RU\TPU\book\29762
|
| 035 |
|
|
|a BOOK00029837
|
| 090 |
|
|
|a 29497
|
| 100 |
|
|
|a 20011209d2000 u y0rusy50 ca
|
| 101 |
0 |
|
|a rus
|
| 102 |
|
|
|a RU
|
| 105 |
|
|
|a a f 001ay
|
| 200 |
1 |
|
|a Древние египтяне
|e Практическое пособие для юного историка
|f сост.: Э. Хаслам, А. Парсонс
|
| 210 |
|
|
|a Москва
|c Эгмонт Россия
|d 2000
|
| 215 |
|
|
|a 64 с.
|c ил.
|
| 225 |
1 |
|
|a Сделай сам
|
| 320 |
|
|
|a Библиогр.: с. 64.
|
| 610 |
1 |
|
|a история
|
| 610 |
1 |
|
|a всемирная история
|
| 610 |
1 |
|
|a Восток
|
| 610 |
1 |
|
|a Египет
|
| 610 |
1 |
|
|a египтяне
|
| 675 |
|
|
|a 087:9
|v 3
|
| 702 |
|
1 |
|a Хаслам
|g Эндрю
|
| 702 |
|
1 |
|a Парсонс
|g Александра
|
| 801 |
|
0 |
|a RU
|b 63413507
|c 20011209
|g PSBO
|
| 942 |
|
|
|c BK
|